| 000 | 00612nam a2200181 i 4500 | ||
|---|---|---|---|
| 001 | 53344 | ||
| 003 | ES-MaACL | ||
| 005 | 20230906162741.0 | ||
| 007 | t| | ||
| 008 | 950921s1890 sp ||||1| spa d | ||
| 040 |
_aCAM _bspa _cCAM |
||
| 100 | 1 |
_aEscoda y Rom, Joaquín. _947581 |
|
| 245 | 1 | 3 |
_aLa Protectora de los Obreros Pobres de Madrid, Sociedad Anónima _b: Estatutos.. / _c[Joaquín Escoda]. |
| 260 |
_aMadrid : _b[s.n.], _c1890 ( _ftipografía de Manuel G. Hernández) |
||
| 300 |
_a32 p. ; _c25 cm. |
||
| 710 | 2 |
_aLa Protectora de los Obreros Pobres de Madrid. _9155019 |
|
| 852 |
_aES-MaACL _jT-538-F-2 |
||
| 999 |
_c53344 _d53344 |
||